00492 2200205 4500001002100000005001500021035001900036245003900055100001100094300003800105260003700143082000700180084001300187020002100200990001300221990001300234990001300247990001300260990001300273INLIS00000000000298120260409073247$a 0010-0426000072$a Keajaiban Menara Effiel /$c Tim CBM$a Tim CBM$a 88 hlm : $b ilus ; $c 17.5 x 25 cm$a Bandung :$b PT Karya Kita,$c 2007$a 932$a 932 TIM k$a 978-979-9282-62-0$a 2491/2012$a 2492/2012$a 2493/2012$a 2494/2012$a 2495/2012